=LDR 00000nam 2200000 4500 =001 INLIS00000000000069 =005 20260702043538 =020 ##$$a 978-623-6258-50-7 =082 ##$$a 297.630 =100 1#$$a Irfan, Kak =245 1 $$a Nabi Muhammad Penutup Para Nabi /$c Kak Irfan =300 ##$$a 48 Hal ; 17x24 cm